[Event "Mittelfranken-chTB2a 1920"]
[Site "Mittelfranken"]
[Date "2020.02.02"]
[Round "5.4"]
[White "Rhein, Thomas"]
[Black "Witkowski, Thomas"]
[Result "0-1"]
[WhiteElo "1868"]
[BlackElo "1892"]
[PlyCount "104"]
[EventDate "2019.10.13"]
[EventType "team-tourn"]
[EventRounds "9"]
[EventCountry "GER"]
[SourceTitle "EXT 2023"]
[Source "ChessBase"]
[SourceDate "2022.10.05"]
[SourceVersion "1"]
[SourceVersionDate "2022.10.05"]
[SourceQuality "1"]
[WhiteTeam "Nuernberg Sued SW IV"]
[BlackTeam "Fuerth SF"]
[WhiteTeamCountry "GER"]
[BlackTeamCountry "GER"]

1. d4 d6 2. Nf3 Nc6 3. Bf4 Bg4 4. Nbd2 e6 5. h3 Bh5 6. c3 Be7 7. Qb3 Qd7 8. e4 Nf6 9. Bd3 0-0 10. 0-0 a6 11. Qc2 Bg6 12. b4 Rad8 13. Be3 Rfe8 14. a4 Bf8 15. b5 axb5 16. axb5 Ne7 17. Ra7 Ra8 18. Rfa1 Rxa7 19. Rxa7 Qc8 20. c4 Nd7 21. c5 Qb8 22. Qa2 Nd5 23. exd5 Bxd3 24. c6 bxc6 25. dxc6 Nb6 26. Rb7 Qd8 27. Qb3 Be2 28. Ne1 d5 29. Nd3 Bd6 30. Nc5 Qe7 31. Nd3 Ra8 32. Nc1 Bc4 33. Nxc4 dxc4 34. Qc2 f6 35. g3 Qf7 36. Kg2 Qh5 37. Qe4 Kf7 38. Ne2 Qxb5 39. Nc3 Qa5 40. Bd2 Nd5 41. Qxh7 Nxc3 42. Bh6 Qd5+ 43. Kh2 Rg8 44. Rb8 Bf8 45. Rc8 Qxc6 46. Bf4 Nd5 47. Qh5+ Ke7 48. Qh7 Nxf4 49. gxf4 Kf7 50. Qh5+ g6 51. Qh7+ Rg7 52. Qh8 Bd6 0-1

[Event "Mittelfranken-chTB2a 1819"]
[Site "Mittelfranken"]
[Date "2019.03.03"]
[Round "6.5"]
[White "Kretschmer, Wolfgang2222"]
[Black "Rhein, Thomas"]
[Result "1-0"]
[WhiteElo "1701"]
[BlackElo "1820"]
[PlyCount "49"]
[EventDate "2018.10.14"]
[EventType "team-tourn"]
[EventRounds "9"]
[EventCountry "GER"]
[SourceTitle "EXT 2022"]
[Source "ChessBase"]
[SourceDate "2021.10.06"]
[SourceVersion "1"]
[SourceVersionDate "2021.10.06"]
[SourceQuality "1"]
[WhiteTeam "Bubenreuth"]
[BlackTeam "Nuernberg Sued SW IV"]
[WhiteTeamCountry "GER"]
[BlackTeamCountry "GER"]

1. c4 b6 2. Nf3 Bb7 3. e3 e6 4. d4 f5 5. Be2 Nf6 6. Nc3 Be7 7. 0-0 0-0 8. a3 Ne4 9. Qc2 d6 10. b4 Nd7 11. Bb2 a6 12. Nd2 Nxd2 13. Qxd2 Qe8 14. f4 Rf6 15. Bf3 Bxf3 16. Rxf3 Rh6 17. e4 fxe4 18. Nxe4 Qg6 19. Re1 Rf8 20. Rg3 Qf5 21. d5 e5 22. fxe5 Nxe5 23. Qxh6 g6 24. Bxe5 dxe5 25. Rf3 1-0

[Event "Mittelfranken-chTB2b 1718"]
[Site "Mittelfranken"]
[Date "2018.03.04"]
[Round "6.5"]
[White "Rhein, Thomas"]
[Black "Graf, Andreas"]
[Result "1/2-1/2"]
[WhiteElo "1813"]
[BlackElo "1631"]
[PlyCount "38"]
[EventDate "2017.10.08"]
[EventType "team-tourn"]
[EventRounds "9"]
[EventCountry "GER"]
[SourceTitle "EXT 2022"]
[Source "ChessBase"]
[SourceDate "2021.10.06"]
[SourceVersion "1"]
[SourceVersionDate "2021.10.06"]
[SourceQuality "1"]
[WhiteTeam "Nuernberg Sued SW III"]
[BlackTeam "Nuernberg Anderssen"]
[WhiteTeamCountry "GER"]
[BlackTeamCountry "GER"]

1. d4 Nf6 2. Nf3 g6 3. c4 c5 4. d5 b5 5. cxb5 a6 6. bxa6 Bxa6 7. Nc3 d6 8. e4 Bxf1 9. Kxf1 Bg7 10. g3 0-0 11. Kg2 Nbd7 12. Be3 Ng4 13. Bf4 Qa5 14. Qd2 Rfb8 15. h3 Nge5 16. Nxe5 Nxe5 17. Bxe5 Bxe5 18. Rhe1 Rxb2 19. Qxb2 Bxc3 1/2-1/2

[Event "Mittelfranken-chTB2b 1718"]
[Site "Mittelfranken"]
[Date "2017.10.08"]
[Round "1.5"]
[White "Rhein, Thomas"]
[Black "Gagel, Roland"]
[Result "1-0"]
[WhiteElo "1813"]
[BlackElo "1763"]
[PlyCount "57"]
[EventDate "2017.10.08"]
[EventType "team-tourn"]
[EventRounds "9"]
[EventCountry "GER"]
[SourceTitle "EXT 2022"]
[Source "ChessBase"]
[SourceDate "2021.10.06"]
[SourceVersion "1"]
[SourceVersionDate "2021.10.06"]
[SourceQuality "1"]
[WhiteTeam "Nuernberg Sued SW III"]
[BlackTeam "Forchheim SC III"]
[WhiteTeamCountry "GER"]
[BlackTeamCountry "GER"]

1. d4 d5 2. Nf3 f5 3. Bf4 e6 4. e3 Nf6 5. c4 c6 6. Nc3 Bd6 7. Bxd6 Qxd6 8. c5 Qc7 9. Ne5 0-0 10. Bd3 Nbd7 11. f4 Ne4 12. Qc2 Qd8 13. 0-0 Rf6 14. b4 Nxc3 15. Qxc3 Nxe5 16. fxe5 Rh6 17. Qe1 Bd7 18. a4 a6 19. Qf2 Qg5 20. Rfb1 Rf8 21. b5 axb5 22. axb5 f4 23. Rf1 f3 24. b6 Rh3 25. Kh1 fxg2+ 26. Qxg2 Qxg2+ 27. Kxg2 Rxe3 28. Bxh7+ Kxh7 29. Rxf8 1-0

[Event "Regionalliga NO 1617"]
[Site "Bayern"]
[Date "2017.04.30"]
[Round "9.7"]
[White "Rhein, Thomas"]
[Black "Schoen, Rudolf"]
[Result "1/2-1/2"]
[WhiteElo "1872"]
[BlackElo "1854"]
[PlyCount "56"]
[EventDate "2016.10.16"]
[EventType "team-tourn"]
[EventRounds "9"]
[EventCountry "GER"]
[SourceTitle "EXT 2019"]
[Source "ChessBase"]
[SourceDate "2018.10.10"]
[SourceVersion "1"]
[SourceVersionDate "2018.10.10"]
[SourceQuality "1"]
[WhiteTeam "Nuernberg Sued SW II"]
[BlackTeam "Windischeschenbach"]
[WhiteTeamCountry "GER"]
[BlackTeamCountry "GER"]

1. d4 f5 2. Nc3 Nf6 3. Bg5 e6 4. e4 fxe4 5. Nxe4 Be7 6. Ng3 b6 7. Bd3 0-0 8. Nf3 Bb7 9. 0-0 Nc6 10. c3 Nd5 11. Bxe7 Qxe7 12. Ne4 Nf4 13. Bc2 Nd8 14. Ned2 Nf7 15. Be4 d5 16. Bc2 e5 17. dxe5 Nxe5 18. Re1 Nxf3+ 19. Nxf3 Qf6 20. Qd4 Nh3+ 21. gxh3 Qxf3 22. Re7 Rf7 23. Rae1 Raf8 24. Rxf7 Rxf7 25. Re8+ Rf8 26. Re7 Rf7 27. Re8+ Rf8 28. Re7 Rf7 1/2-1/2

[Event "Mittelfranken-chT2b 1617"]
[Site "Mittelfranken"]
[Date "2016.11.27"]
[Round "3.2"]
[White "Rhein, Thomas"]
[Black "Lutter, Maximilian"]
[Result "1/2-1/2"]
[WhiteElo "1823"]
[BlackElo "1908"]
[PlyCount "82"]
[EventDate "2016.10.23"]
[EventType "team-tourn"]
[EventRounds "9"]
[EventCountry "GER"]
[SourceTitle "EXT 2022"]
[Source "ChessBase"]
[SourceDate "2021.10.06"]
[SourceVersion "1"]
[SourceVersionDate "2021.10.06"]
[SourceQuality "1"]
[WhiteTeam "Nuernberg Sued SW III"]
[BlackTeam "Neumarkt"]
[WhiteTeamCountry "GER"]
[BlackTeamCountry "GER"]

1. d4 f5 2. Nc3 Nf6 3. Bg5 d5 4. Bxf6 exf6 5. e3 c6 6. Bd3 Bd6 7. Qf3 g6 8. Nge2 Na6 9. a3 Nc7 10. h3 Be6 11. g4 Qd7 12. gxf5 Bxf5 13. Bxf5 Qxf5 14. Qxf5 gxf5 15. Kd2 Rg8 16. Rag1 Kf7 17. Rxg8 Rxg8 18. Rg1 Rg6 19. f4 Ne6 20. Ke1 Ng7 21. Kf2 a5 22. a4 Bb4 23. Na2 Be7 24. Rc1 Ne8 25. Nac3 Nd6 26. b3 h5 27. Rg1 h4 28. Rxg6 Kxg6 29. Ng1 Ne4+ 30. Nxe4 fxe4 31. Ke2 Bb4 32. Kd1 Kf5 33. Ne2 b6 34. c3 Bd6 35. Kc2 Bc7 36. b4 Bd6 37. Kb3 Be7 38. bxa5 bxa5 39. c4 Bb4 40. Nc3 Bxc3 41. Kxc3 Ke6 1/2-1/2

[Event "Mittelfranken-chT2b 1617"]
[Site "Mittelfranken"]
[Date "2016.11.13"]
[Round "2.3"]
[White "Rhein, Thomas"]
[Black "Ziegler, Peter"]
[Result "0-1"]
[WhiteElo "1823"]
[BlackElo "1775"]
[PlyCount "64"]
[EventDate "2016.10.23"]
[EventType "team-tourn"]
[EventRounds "9"]
[EventCountry "GER"]
[SourceTitle "EXT 2022"]
[Source "ChessBase"]
[SourceDate "2021.10.06"]
[SourceVersion "1"]
[SourceVersionDate "2021.10.06"]
[SourceQuality "1"]
[WhiteTeam "Nuernberg Sued SW III"]
[BlackTeam "Nuernberg Zabo Eintracht II"]
[WhiteTeamCountry "GER"]
[BlackTeamCountry "GER"]

1. d4 Nf6 2. Nf3 g6 3. c4 Bg7 4. Nc3 d5 5. e3 0-0 6. Qb3 c5 7. cxd5 Nbd7 8. Be2 cxd4 9. Nxd4 Nc5 10. Qc4 Nce4 11. Nxe4 Nxe4 12. 0-0 Nd6 13. Qb4 Bd7 14. Rd1 Rc8 15. b3 a5 16. Qe1 Qb6 17. Bb2 a4 18. Rab1 axb3 19. axb3 Rc7 20. Bc3 Ra8 21. Bf3 Nf5 22. g4 Nh4 23. Bh1 Bxg4 24. Rdc1 Rac8 25. Ba5 Qxa5 26. Qxa5 Rxc1+ 27. Qe1 Rxe1+ 28. Rxe1 Bd7 29. Ra1 Bxd4 30. exd4 Kg7 31. Kf1 Nf5 32. Ke2 Nxd4+ 0-1

[Event "Mittelfranken-chT2b 1617"]
[Site "Mittelfranken"]
[Date "2016.10.23"]
[Round "1.3"]
[White "Gagel, Roland"]
[Black "Rhein, Thomas"]
[Result "1/2-1/2"]
[WhiteElo "1768"]
[BlackElo "1823"]
[PlyCount "33"]
[EventDate "2016.10.23"]
[EventType "team-tourn"]
[EventRounds "9"]
[EventCountry "GER"]
[SourceTitle "EXT 2022"]
[Source "ChessBase"]
[SourceDate "2021.10.06"]
[SourceVersion "1"]
[SourceVersionDate "2021.10.06"]
[SourceQuality "1"]
[WhiteTeam "Forchheim SC III"]
[BlackTeam "Nuernberg Sued SW III"]
[WhiteTeamCountry "GER"]
[BlackTeamCountry "GER"]

1. f4 Nf6 2. Nf3 d5 3. d4 e6 4. e3 c5 5. c3 Nc6 6. Bd3 Ne4 7. 0-0 Be7 8. Ne5 0-0 9. Nd2 Nxe5 10. fxe5 f5 11. exf6 Nxf6 12. Nf3 Bd7 13. Ne5 Be8 14. Bd2 c4 15. Bc2 b5 16. Qe1 Qb6 17. a3 1/2-1/2

[Event "Mittelfranken-chTB2b 1516"]
[Site "Mittelfranken"]
[Date "2016.02.28"]
[Round "7.1"]
[White "Rink, Florian"]
[Black "Rhein, Thomas"]
[Result "1-0"]
[WhiteElo "1913"]
[BlackElo "1905"]
[PlyCount "79"]
[EventDate "2015.10.18"]
[EventType "team-tourn"]
[EventRounds "9"]
[EventCountry "GER"]
[SourceTitle "EXT 2020"]
[Source "ChessBase"]
[SourceDate "2019.10.17"]
[SourceVersion "1"]
[SourceVersionDate "2019.10.17"]
[SourceQuality "1"]
[WhiteTeam "Uttenreuth"]
[BlackTeam "Nuernberg Sued SW V"]
[WhiteTeamCountry "GER"]
[BlackTeamCountry "GER"]

1. d4 Nf6 2. c4 e6 3. Nc3 Bb4 4. Qc2 c5 5. dxc5 Na6 6. a3 Bxc5 7. Nf3 d5 8. e3 0-0 9. b3 b6 10. cxd5 Nxd5 11. Nxd5 Qxd5 12. Bd3 Bb7 13. 0-0 Rac8 14. Qe2 Nb8 15. b4 Bd6 16. Rd1 Qh5 17. Bxh7+ Kxh7 18. Rxd6 Bxf3 19. gxf3 Qg6+ 20. Kh1 Rc2 21. Rd2 Rfc8 22. Bb2 Rxd2 23. Qxd2 Rc2 24. Qd4 Nc6 25. Qh4+ Kg8 26. Rg1 Qxg1+ 27. Kxg1 Rxb2 28. Qe4 Ne7 29. Qa8+ Kh7 30. Qxa7 Nf5 31. Qxb6 Rb1+ 32. Kg2 Nh4+ 33. Kh3 g5 34. Qd8 Rg1 35. Qf6 Ng6 36. Qxf7+ Kh6 37. Qxe6 Kh5 38. Qf5 Kh6 39. b5 Kh5 40. b6 1-0

[Event "Mittelfranken-chTB2b 1516"]
[Site "Mittelfranken"]
[Date "2016.01.24"]
[Round "5.1"]
[White "Diller, Daniel"]
[Black "Rhein, Thomas"]
[Result "1-0"]
[WhiteElo "1980"]
[BlackElo "1905"]
[PlyCount "113"]
[EventDate "2015.10.18"]
[EventType "team-tourn"]
[EventRounds "9"]
[EventCountry "GER"]
[SourceTitle "EXT 2020"]
[Source "ChessBase"]
[SourceDate "2019.10.17"]
[SourceVersion "1"]
[SourceVersionDate "2019.10.17"]
[SourceQuality "1"]
[WhiteTeam "Erlangen SC III"]
[BlackTeam "Nuernberg Sued SW V"]
[WhiteTeamCountry "GER"]
[BlackTeamCountry "GER"]

1. c4 b6 2. Nc3 Bb7 3. e4 e6 4. Nge2 Nf6 5. d3 c5 6. g3 d5 7. exd5 exd5 8. Bg2 Qd7 9. cxd5 Nxd5 10. 0-0 Be7 11. d4 0-0 12. Bxd5 Bxd5 13. dxc5 Bc4 14. Qxd7 Nxd7 15. cxb6 axb6 16. Bf4 Bf6 17. Rfd1 Nc5 18. Bd6 Rfe8 19. Bxc5 bxc5 20. Rd2 g6 21. a3 Rab8 22. Rb1 Kg7 23. h4 Re7 24. Kg2 g5 25. hxg5 Bxg5 26. f4 Bf6 27. Kf2 Rbe8 28. Rh1 Ba6 29. Rh5 Kg6 30. Rhd5 Bc4 31. Rd6 Kg7 32. a4 Ra8 33. Nd5 Rxe2+ 34. Rxe2 Bxe2 35. Nxf6 Bc4 36. Nh5+ Kf8 37. Rc6 Rxa4 38. Rxc5 Rb4 39. Ke3 Rb3+ 40. Kd2 Ba6 41. Kc2 Rb6 42. f5 Ke8 43. Kc3 Kd7 44. Nf4 Bb7 45. Nd3 Kd6 46. b4 f6 47. Nb2 Rc6 48. Nc4+ Kd7 49. Rxc6 Bxc6 50. Kd4 Kc7 51. Ne3 Kd6 52. Nc4+ Kc7 53. Kc5 Be4 54. Nd6 Bc2 55. b5 Bd3 56. b6+ Kb8 57. Kd5 1-0

[Event "Mittelfranken-chTB2a 1415"]
[Site "Mittelfranken"]
[Date "2014.12.14"]
[Round "4.1"]
[White "Engelmann, Wolfgang"]
[Black "Rhein, Thomas"]
[Result "1-0"]
[WhiteElo "2075"]
[BlackElo "1905"]
[PlyCount "45"]
[EventDate "2014.09.28"]
[EventType "team-tourn"]
[EventRounds "9"]
[EventCountry "GER"]
[SourceTitle "EXT 2020"]
[Source "ChessBase"]
[SourceDate "2019.10.17"]
[SourceVersion "1"]
[SourceVersionDate "2019.10.17"]
[SourceQuality "1"]
[WhiteTeam "Rothenburg"]
[BlackTeam "Nuernberg Sued SW IV"]
[WhiteTeamCountry "GER"]
[BlackTeamCountry "GER"]

1. d4 Nf6 2. c4 e6 3. Nc3 Bb4 4. Bd2 d5 5. e3 0-0 6. Nf3 b6 7. cxd5 exd5 8. Bd3 Re8 9. Ne5 c5 10. 0-0 Bb7 11. a3 Bxc3 12. bxc3 Nc6 13. Nxc6 Bxc6 14. f3 Qd7 15. Qe2 c4 16. Bb1 Re7 17. Qf2 Rae8 18. g4 g6 19. Qh4 Re6 20. Ra2 Kf8 21. Bc1 Ke7 22. e4 dxe4 23. fxe4 1-0

[Event "Regionalliga NO 1314"]
[Site "Bayern"]
[Date "2013.12.15"]
[Round "4.8"]
[White "Dotzauer, Ernst"]
[Black "Rhein, Thomas"]
[Result "0-1"]
[WhiteElo "1826"]
[BlackElo "1892"]
[PlyCount "64"]
[EventDate "2013.10.13"]
[EventType "team-tourn"]
[EventRounds "9"]
[EventCountry "GER"]
[SourceTitle "EXT 2015"]
[Source "ChessBase"]
[SourceDate "2014.11.20"]
[SourceVersion "1"]
[SourceVersionDate "2014.11.20"]
[SourceQuality "1"]
[WhiteTeam "Schwandorf"]
[BlackTeam "Nuernberg Sued SW II"]
[WhiteTeamCountry "GER"]
[BlackTeamCountry "GER"]

1. d4 Nf6 2. Nf3 e6 3. Bg5 c5 4. Bxf6 Qxf6 5. c3 d5 6. e3 Nc6 7. Bb5 Bd7 8. Nbd2 cxd4 9. exd4 Bd6 10. 0-0 0-0 11. Re1 Rfc8 12. Bxc6 Bxc6 13. Ne5 Be8 14. Qg4 b5 15. Re3 b4 16. Ndf3 bxc3 17. bxc3 Rab8 18. Ng5 Bxe5 19. dxe5 Qg6 20. Qg3 Rb1+ 21. Re1 Rxa1 22. Rxa1 h6 23. Nh3 Qc2 24. f4 Rxc3 25. Qe1 d4 26. Nf2 Bc6 27. Qd1 d3 28. Qf1 d2 29. Nd1 Rc5 30. Kf2 Bb5 31. Qg1 Qe4 32. Kg3 Rc1 0-1

[Event "Seebach op 23rd"]
[Site "Grossenseebach"]
[Date "2012.06.07"]
[Round "1"]
[White "Rhein, Thomas"]
[Black "Liepold, Stefan"]
[Result "1/2-1/2"]
[WhiteElo "1815"]
[BlackElo "2128"]
[PlyCount "110"]
[EventDate "2012.06.07"]
[EventType "swiss"]
[EventRounds "7"]
[EventCountry "GER"]
[SourceTitle "EXT 2013"]
[Source "ChessBase"]
[SourceDate "2012.11.22"]
[SourceVersion "1"]
[SourceVersionDate "2012.11.22"]
[SourceQuality "1"]

1. d4 Nf6 2. Nf3 g6 3. Bg5 Bg7 4. e3 d5 5. Bd3 c5 6. c3 Qb6 7. Qb3 c4 8. Qxb6 axb6 9. Bc2 Nc6 10. Nbd2 b5 11. 0-0 Bf5 12. Bxf6 Bxf6 13. e4 Be6 14. e5 Bg7 15. a3 Bf5 16. Bxf5 gxf5 17. Nh4 e6 18. f4 Bh6 19. g3 Rg8 20. Kf2 Kd7 21. Kf3 Ra6 22. Rg1 Bf8 23. Ng2 Be7 24. Ne3 h5 25. h4 Rga8 26. Nc2 Na7 27. Kf2 Nc8 28. Nf3 Nb6 29. Ng5 Na4 30. Rab1 Rf8 31. Nh7 Rh8 32. Ng5 Ke8 33. Kf3 Kf8 34. Kf2 Kg7 35. Kf3 Kg6 36. Rge1 Nb6 37. Re2 Nd7 38. Kf2 Nb8 39. Rbe1 Nc6 40. Ra1 Rha8 41. Ree1 Na5 42. Red1 Nb3 43. Rab1 Ra4 44. Nf3 Bf8 45. Nd2 Na5 46. Kf3 Nc6 47. Re1 Ne7 48. Ke3 Ng8 49. Kf3 R4a6 50. Kf2 Nh6 51. Ne3 Be7 52. Nf3 Rf8 53. Ng5 Ng4+ 54. Kg2 Nxe3+ 55. Rxe3 Rh8 1/2-1/2

[Event "Mittelfranken-chTB1 1112"]
[Site "Germany"]
[Date "2012.02.26"]
[Round "7.8"]
[White "Kulok, Solomon"]
[Black "Rhein, Thomas"]
[Result "1/2-1/2"]
[WhiteElo "1772"]
[BlackElo "1700"]
[PlyCount "56"]
[EventDate "2011.09.25"]
[EventType "team-tourn"]
[EventRounds "9"]
[EventCountry "GER"]
[SourceTitle "EXT 2018"]
[Source "ChessBase"]
[SourceDate "2017.10.13"]
[SourceVersion "1"]
[SourceVersionDate "2017.10.13"]
[SourceQuality "1"]
[WhiteTeam "Nuernberg NT IV"]
[BlackTeam "Nuernberg Sued SW II"]
[WhiteTeamCountry "GER"]
[BlackTeamCountry "GER"]

1. e4 e6 2. d4 d5 3. exd5 exd5 4. Bd3 Bd6 5. c3 c6 6. Qf3 h6 7. Ne2 Nf6 8. h3 Nbd7 9. 0-0 0-0 10. Ng3 Re8 11. Bf4 Bxf4 12. Qxf4 Qb6 13. b3 Nf8 14. Qc1 Bd7 15. Nd2 Rac8 16. b4 Re7 17. Nf5 Bxf5 18. Bxf5 Rce8 19. Bd3 Ne6 20. Nf3 a6 21. a4 Ne4 22. Ne5 Nf6 23. a5 Qc7 24. g3 Ng5 25. h4 Nge4 26. Kg2 Nd7 27. Bxe4 Nxe5 28. Bf5 Nc4 1/2-1/2